Copying the master and stealing his secrets: talent training in Japanese paiting
Saved in:
| Main Authors: | , |
|---|---|
| Format: | Bog |
| Sprog: | engelsk |
| Udgivet: |
Honolulú
University of Hawaii Press
2003
|
| Fag: | |
| Tags: |
Tilføj Tag
Ingen Tags, Vær først til at tagge denne postø!
|
MARC
| LEADER | 00000nam a2200000 a 4500 | ||
|---|---|---|---|
| 001 | UCI0980 | ||
| 003 | CL-VaPUC | ||
| 008 | 070608e20030000US |||||||||||||||||eng|d | ||
| 020 | |a 0824826086 | ||
| 082 | 0 | 4 | |a 759.952 |b JOR |2 21 |
| 100 | 0 | |a Jordan, Brenda G |e author |9 521251 | |
| 700 | 0 | |a Weston, Victoria Louise |e author |9 521252 | |
| 245 | 1 | 0 | |a Copying the master and stealing his secrets: talent training in Japanese paiting |
| 300 | |a 248 p | ||
| 942 | |c BK | ||
| 945 | |d 20070608 00:00:00 |a jtorresc | ||
| 260 | |a Honolulú |b University of Hawaii Press |c 2003 | ||
| 650 | 0 | |a Pintura japonesa |9 367915 | |
| 650 | 0 | |a Estudio y enseñanza |9 270395 | |
| 650 | 7 | |a TALLERES |2 CL-VaPUC |9 372938 | |
| 650 | 0 | |a Historia |9 255047 | |
| 651 | 0 | |a Japón |9 260391 | |
| 583 | |a last modification |c 20140406 05:55:30 |k Rodrigo Vera | ||
| 999 | |c 325930 |d 325928 | ||
| 952 | |0 0 |1 0 |4 0 |6 759_952000000000000_JOR_2003 |7 0 |8 A |9 407447 |a BIBGIM |b BIBGIM |d 2019-11-22 |i 4211871 |o 759.952 JOR 2003 |p 4211871 |r 2025-01-15 |w 2019-11-22 |y BK |k ORI | ||